Statistics for Missouri Counties Quiz

Click here to take the quiz!

General Stats

  • This quiz has been taken 15,046 times
    (14,592 since last reset)
  • The average score is 59 of 115

Answers on the Map

Answers color-coded by a green-red scale on the quiz's map according to % correct below.
 

Answer Stats

County% Correct
St. Louis
91%
St. Louis City
91%
Jefferson
86%
Jackson
82%
Washington
77%
Franklin
71%
Lincoln
71%
Greene
70%
Clay
69%
Johnson
69%
St. Charles
69%
Boone
68%
Madison
67%
Monroe
67%
Clark
62%
Mississippi
62%
Ozark
62%
Polk
62%
Cape Girardeau
61%
Cass
59%
Harrison
59%
Texas
59%
Warren
59%
Buchanan
58%
Ste. Genevieve
58%
Jasper
57%
Lewis
56%
Montgomery
56%
Pike
55%
Platte
55%
Adair
54%
Cole
54%
Marion
54%
New Madrid
54%
Perry
54%
Scott
54%
St. Francois
54%
Clinton
53%
Osage
53%
Benton
52%
Henry
52%
Iron
52%
Lafayette
52%
Atchison
51%
Callaway
51%
Pulaski
51%
Wayne
51%
McDonald
50%
Newton
50%
Andrew
49%
Carroll
49%
Dunklin
49%
Lawrence
49%
Stone
49%
Taney
49%
Audrain
48%
Butler
48%
Crawford
48%
Daviess
48%
Macon
48%
Pemiscot
48%
St. Clair
48%
Christian
47%
Dallas
47%
Gasconade
47%
Howard
47%
Miller
47%
Randolph
47%
Webster
47%
Carter
46%
DeKalb
46%
Douglas
46%
Knox
46%
Morgan
46%
Nodaway
46%
Oregon
46%
Putnam
46%
Ray
46%
Saline
46%
Shelby
46%
Bates
45%
Camden
45%
Dent
45%
Phelps
45%
Ralls
45%
Barry
44%
Barton
44%
Worth
44%
Cooper
43%
Holt
43%
Vernon
43%
Laclede
42%
Mercer
42%
Reynolds
42%
Wright
42%
Bollinger
41%
Cedar
41%
Howell
41%
Linn
41%
Moniteau
41%
Stoddard
41%
Grundy
40%
Pettis
40%
Scotland
40%
Sullivan
40%
Caldwell
39%
Dade
39%
Gentry
39%
Hickory
39%
Livingston
39%
Maries
39%
Schuyler
39%
Shannon
39%
Chariton
38%
Ripley
38%

Score Distribution

Percentile by Number Answered

Percent of People with Each Score

Your Score History

You have not taken this quiz since the last reset